00964nam a22002777a 45000010005000000030006000050050017000110080041000280200018000690400029000870500014001160820012001301000016001422450064001582600040002223000044002625050008003065200117003145210020004315210020004516500028004717000031004999420015005309990015005459520126005605068FISKH20241104155847.0241104b cb ||||| |||| 00| 0 eng d a9780141301204 aFISKHbengcFISKHdFISKH aF334.M753 a323.092 aParks, Rosa aRosa Parks : bMy Story /cby Rosa Parks with Jum Haskins  aNew York : bPuffin Books ;c1992 . a192 pages : billustrations ;c20 cm .  aZ  aRosa Park's life story reveals the deliberate choices she made that earned her the title "Mother to a Movement."8 a970 bLexile 8 aZ bRaz-Plus  aRosa Parksvnon-fiction aHaskins, Jimeillustrator  2ddccBKn0 c5068d5068 00102ddc40708NFICa001b001cSNSd2024-11-04l0oPAR 323.092 F334.M753pFIS00033r2024-11-04 15:58:43w2024-11-04yBK